Kabale University Library Catalogue

Natural Resource economics : (Record no. 6133)

MARC details
000 -LEADER
fixed length control field 02675cam a22004338i 4500
001 - CONTROL NUMBER
control field 21126767
003 - CONTROL NUMBER IDENTIFIER
control field OSt
005 - DATE AND TIME OF LATEST TRANSACTION
control field 20260228161818.0
006 - FIXED-LENGTH DATA ELEMENTS--ADDITIONAL MATERIAL CHARACTERISTICS
fixed length control field m |o d |
007 - PHYSICAL DESCRIPTION FIXED FIELD--GENERAL INFORMATION
fixed length control field cr |||||||||||
008 - FIXED-LENGTH DATA ELEMENTS--GENERAL INFORMATION
fixed length control field 190808s2020 nyu ob 001 0 eng
010 ## - LIBRARY OF CONGRESS CONTROL NUMBER
LC control number 2019032614
020 ## - INTERNATIONAL STANDARD BOOK NUMBER
International Standard Book Number 9781108588928
Qualifying information (epub)
020 ## - INTERNATIONAL STANDARD BOOK NUMBER
Canceled/invalid ISBN 9781108499330
Qualifying information (hardback)
035 ## - SYSTEM CONTROL NUMBER
System control number 21126767
040 ## - CATALOGING SOURCE
Original cataloging agency DLC
Language of cataloging eng
Transcribing agency DLC
Description conventions rda
042 ## - AUTHENTICATION CODE
Authentication code pcc
050 00 - LIBRARY OF CONGRESS CALL NUMBER
Classification number HC59.15
082 00 - DEWEY DECIMAL CLASSIFICATION NUMBER
Classification number 333.7
Edition number 23
Item number CON
100 1# - MAIN ENTRY--PERSONAL NAME
Personal name Conrad, Jon M.,
Relator term author.
9 (RLIN) 15586
245 10 - TITLE STATEMENT
Title Natural Resource economics :
Remainder of title analysis, theory, and applications /
Statement of responsibility, etc. Jon M. Conrad, Cornell University, New York, Daniel Rondeau, University of Victoria, British Columbia.
250 ## - EDITION STATEMENT
Edition statement First Edition.
263 ## - PROJECTED PUBLICATION DATE
Projected publication date 2002
264 #1 - PRODUCTION, PUBLICATION, DISTRIBUTION, MANUFACTURE, AND COPYRIGHT NOTICE
Place of production, publication, distribution, manufacture New York :
Name of producer, publisher, distributor, manufacturer Cambridge University Press,
Date of production, publication, distribution, manufacture, or copyright notice 2020.
300 ## - PHYSICAL DESCRIPTION
Extent xiv,345 P. ;
Dimensions 25 cm.
336 ## - CONTENT TYPE
Content type term text
Content type code txt
Source rdacontent
337 ## - MEDIA TYPE
Media type term computer
Media type code c
Source rdamedia
338 ## - CARRIER TYPE
Carrier type term online resource
Carrier type code cr
Source rdacarrier
504 ## - BIBLIOGRAPHY, ETC. NOTE
Bibliography, etc. note Includes bibliographical references and index.
520 ## - SUMMARY, ETC.
Summary, etc. "Fisher (1904, p. 387) defined capital as "a stock (of wealth or property, or the value of either) existing at an instant of time." Fisher's conception of capital is inextricably linked to time. The value of a capital asset is derived from its potential to provide a flow of benefits through the production of goods and services. Fisher himself recognized natural resources as capital assets. To illustrate the relationship between stocks, flows, and time, he wrote "Capital of any kind always occupies a position, like that of a reservoir of water, intermediate between two flows, the inflow and outflow" (Fisher, 1897, p.512). The modern treatment of natural resources in economics is squarely constructed on this notion that resources are a reservoir of wealth, a production factor from which products and services (marketed or not) can flow over time. In some cases, like water in a reservoir, there may indeed be an inflow as well as an outflow, but this need not always be the case"--
Assigning source Provided by publisher.
588 ## - SOURCE OF DESCRIPTION NOTE
Source of description note Description based on print version record and CIP data provided by publisher; resource not viewed.
650 #0 - SUBJECT ADDED ENTRY--TOPICAL TERM
Topical term or geographic name entry element Natural resources
General subdivision Management
-- Mathematical models.
9 (RLIN) 15587
650 #0 - SUBJECT ADDED ENTRY--TOPICAL TERM
Topical term or geographic name entry element Economic development
General subdivision Mathematical models.
9 (RLIN) 15588
700 1# - ADDED ENTRY--PERSONAL NAME
Personal name Rondeau, Daniel,
Dates associated with a name 1966-
Relator term author.
9 (RLIN) 15589
776 08 - ADDITIONAL PHYSICAL FORM ENTRY
Relationship information Print version:
Main entry heading Conrad, Jon M..
Title Resource economics
Edition First Edition.
Place, publisher, and date of publication New York : Cambridge University Press, 2020.
International Standard Book Number 9781108499330
Record control number (DLC) 2019032613
906 ## - LOCAL DATA ELEMENT F, LDF (RLIN)
a 7
b cbc
c orignew
d 1
e ecip
f 20
g y-gencatlg
942 ## - ADDED ENTRY ELEMENTS (KOHA)
Source of classification or shelving scheme Dewey Decimal Classification
Koha item type Book
Holdings
Withdrawn status Lost status Source of classification or shelving scheme Damaged status Not for loan Home library Current library Date acquired Total Checkouts Full call number Barcode Date last seen Price effective from Koha item type
    Dewey Decimal Classification     Mukombe Library Mukombe Library 28.02.2026   333.7 CON 14665 28.02.2026 28.02.2026 Book
    Dewey Decimal Classification     Mukombe Library Mukombe Library 28.02.2026   333.7 CON 14666 28.02.2026 28.02.2026 Book

Kabale University Library | Kabale University P.O Box 317, Kabale, Uganda
Tel : +256754017033, +256774661503 E-mail : library@kab.ac.ug